La colección del Instituto de la Indumentaria de Kioto : moda, una historia desde el siglo XVIII al siglo XX /

El Instituto de la Indumentaria de Kioto (KCI, por sus siglas en inglés), abrió sus puertas en 1978, después de que se presentó en Japón la exposición Ropa creativa, 1909-1939, organizada por el Museo Metropolitano de Nueva York. Deslumbrados por la exhibición, un empresario de la industria del vest...

ver descrição completa

Na minha lista:
Detalhes bibliográficos
Autor Corporativo: Instituto de la Indumentaria de Kioto
Outros Autores: Suoh, Tamami (texto) (texto), Fukai, Akiko (prólogo) (prólogo)
Formato: Livro
Idioma:espanhol
Publicado em: Colonia, Alemania : Taschen, 2003, c2003
Assuntos:
Tags: Adicionar Tag
Sem tags, seja o primeiro a adicionar uma tag!

MARC

LEADER 00000nam^a2200000^a^4500
001 000181797
005 20250521000000.0
009 20260310101946.631
020 |a 3-8228-2599-9 
037 |a Acervo ITESO - Biblioteca 
041 |a ESP 
082 |a 746. 92  |b KCI FUK 
110 |a Instituto de la Indumentaria de Kioto 
240 1 4 |a [La colección del Instituto de la Indumentaria de Kioto] 
245 1 3 |a La colección del Instituto de la Indumentaria de Kioto :  |b moda, una historia desde el siglo XVIII al siglo XX /  |c Instituto de la Indumentaria de Kioto ; texto de T. Suoh... [et al.] ; pról. de A. Fukai ; tr. por Montserrat Ribas. 
264 4 |a Colonia, Alemania :  |b Taschen,  |c 2003, c2003 
300 |a 735 p. 
336 |a texto  |b txt  |2 rdacontenido 
337 |a sin mediación  |b n  |2 rdamedio 
338 |a volumen  |b nc  |2 rdasoporte 
520 |a El Instituto de la Indumentaria de Kioto (KCI, por sus siglas en inglés), abrió sus puertas en 1978, después de que se presentó en Japón la exposición Ropa creativa, 1909-1939, organizada por el Museo Metropolitano de Nueva York. Deslumbrados por la exhibición, un empresario de la industria del vestido impulso la creación del KCI, con el fin de desarrollar una colección del vestido que, recupere su importancia como expresión de la historia social de cada época y lugar. Aquí se presentan 500 trajes seleccionados de la extensa colección. 
585 |a Exposición DIA 2022-10 / Sendero de crisantemos: una mirada a la cultura japonesa 
649 |a XX 
650 |a Museos Temáticos -  |z Kioto, Japón -  |x Colecciones 
650 |a Museos Temáticos -  |z Japón -  |x Colecciones 
650 |a Accesorios Personales -  |x Historia -  |x Colecciones 
650 |a Vestido -  |x Colecciones 
650 |a Moda -  |x Colecciones -  |x Tema Principal 
650 |a Moda -  |x Historia -  |x Colecciones 
650 |a Diseño de Moda -  |x Historia -  |x Colecciones 
650 |a Diseño de Moda -  |x Colecciones -  |x Tema Principal 
650 |a Historia Social 
650 |a Sociología de la Cultura 
700 |a Suoh, Tamami  |e (texto) 
700 |a Fukai, Akiko  |e (prólogo) 
910 |a Fondo General 
920 |a Impresos - Libros 
930 |a Reserva Especial 
905 |a 103 
901 |a 0500121358  |b IT1  |c REE  |u 20250521 
902 |a https://opac.biblio.iteso.mx/vufind/Record/000181797